Хронический простатит: профилактика и реабилитация (Запись № 4281081)

Подробности
000 -МАРКЕР
контрольное поле 02252nam0a2200361 i 4500
001 - ИДЕНТИФИКАТОР ЗАПИСИ
контрольное поле RU\NLR\bibl\2006537
005 - ИДЕНТИФИКАТОР ВЕРСИИ
контрольное поле 20260405094824.0
010 ## - МЕЖДУНАРОДНЫЙ СТАНДАРТНЫЙ НОМЕР КНИГИ (ISBN)
Номер (ISBN) 9785444600252
Тираж 1000
021 ## - НОМЕР ГОСУДАРСТВЕННОЙ РЕГИСТРАЦИИ
Код страны российская федерация
Номер 2013-5837
Номер Листа государственной регистраци 415
035 ## - ДРУГИЕ СИСТЕМНЫЕ НОМЕРА
Идентификатор записи (NLR Aleph) 001995182
100 ## - ДАННЫЕ ОБЩЕЙ ОБРАБОТКИ
Данные общей обработки 20130225d2012 u y0rusy50 ca
101 0# - ЯЗЫК РЕСУРСА
Язык текста, звукозаписи и т.д. русский
102 ## - СТРАНА ПУБЛИКАЦИИ ИЛИ ПРОИЗВОДСТВА
Страна публикации российская федерация
105 ## - ПОЛЕ КОДИРОВАННЫХ ДАННЫХ: ТЕКСТОВЫЕ МАТЕРИАЛЫ, МОНОГРАФИЧЕСКИЕ
Кодированные данные о монографическом текстовом документе a |||||||||
200 1# - ЗАГЛАВИЕ И СВЕДЕНИЯ ОБ ОТВЕТСТВЕННОСТИ
Основное заглавие Хронический простатит: профилактика и реабилитация
Сведения, относящиеся к заглавию учебное пособие
-- для системы послевузовского и дополнительного профессионального образования врачей
Первые сведения об ответственности В.А. Борисов, В.Ю. Латышев, В.И. Попов
Последующие сведения об ответственности М-во здравоохранения и социал. развития Рос. Федерации, Гос. бюджет. образоват. учреждение высш. проф. образования Воронеж. гос. мед. акад. им. Н.Н. Бурденко
210 ## - ПУБЛИКАЦИЯ, РАСПРОСТРАНЕНИЕ И ДР.
Место издания, распространения и т.д. Воронеж
Имя издателя, распространителя и т. д. Научная книга
Дата издания, распространения и т.д. 2012
215 ## - ФИЗИЧЕСКАЯ ХАРАКТЕРИСТИКА
Специфическое обозначение материала и объем 178 с.
Другие сведения о физической характеристике ил.
Размеры 21
320 ## - ПРИМЕЧАНИЯ О НАЛИЧИИ В ДОКУМЕНТЕ БИБЛИОГРАФИИ / УКАЗАТЕЛЯ
Текст примечания Библиогр.: с. 176 (15 назв.)
320 ## - ПРИМЕЧАНИЯ О НАЛИЧИИ В ДОКУМЕНТЕ БИБЛИОГРАФИИ / УКАЗАТЕЛЯ
Текст примечания Предм. указ.: с. 178
606 ## - НАИМЕНОВАНИЕ ТЕМЫ КАК ПРЕДМЕТ
Наименование темы Простатиты хронические
Формальный подзаголовок Учебные издания для последипломного образования
Тематический подзаголовок Курортное лечение
Системный номер авторитетной/нормативной записи 2138677
Идентификатор авторитетной/нормативной записи RU\NLR\auth\661593730
606 1# - НАИМЕНОВАНИЕ ТЕМЫ КАК ПРЕДМЕТ
Наименование темы Простатиты хронические
Формальный подзаголовок Учебные издания для последипломного образования
Тематический подзаголовок Профилактика
Системный номер авторитетной/нормативной записи 2138679
Идентификатор авторитетной/нормативной записи RU\NLR\auth\661593731
686 ## - ИНДЕКСЫ ДРУГИХ КЛАССИФИКАЦИЙ
Индекс Р696.620.11-549я77
686 ## - ИНДЕКСЫ ДРУГИХ КЛАССИФИКАЦИЙ
Индекс Р696.620.11-8я77
700 #1 - ИМЯ ЛИЦА - ПЕРВИЧНАЯ ОТВЕТСТВЕННОСТЬ
Код отношения Автор
Графика поля Кириллица
Материалы, к которым относится поле rus
Начальный элемент ввода Борисов
Часть имени, кроме начального элемента ввода В. А.
Дополнения к именам, кроме дат д-р мед. наук
Даты 1944-
Расширение инициалов личного имени Вячеслав Алексеевич
Идентификатор авторитетной/нормативной записи RU\NLR\AUTH\7735435
Системный номер авторитетной/нормативной записи 18432
701 #1 - ИМЯ ЛИЦА - АЛЬТЕРНАТИВНАЯ ОТВЕТСТВЕННОСТЬ
Начальный элемент ввода Латышев
Часть имени, кроме начального элемента ввода В. Ю.
Расширение инициалов личного имени Валерий Юрьевич
Код отношения Автор
701 #1 - ИМЯ ЛИЦА - АЛЬТЕРНАТИВНАЯ ОТВЕТСТВЕННОСТЬ
Код отношения Автор
Материалы, к которым относится поле rus
Графика поля Кириллица
Начальный элемент ввода Попов
Часть имени, кроме начального элемента ввода В. И.
Дополнения к именам, кроме дат д-р мед. наук, гигиена
Даты 1969-
Расширение инициалов личного имени Валерий Иванович
Идентификатор авторитетной/нормативной записи RU\NLR\AUTH\7727720
Системный номер авторитетной/нормативной записи 10751
801 #0 - ИСТОЧНИК ЗАПИСИ
Страна российская федерация
Организация NLR
Дата составления 20130225
Правила каталогизации RCR
801 #1 - ИСТОЧНИК ЗАПИСИ
Страна российская федерация
Организация NLR
Дата составления 20130225
942 ## - ДОПОЛНИТЕЛЬНЫЕ ЭЛЕМЕНТЫ ЗАПИСИ (АБИС)
Тип экземпляра АБИС Книга
980 ## - КОЛЛЕКЦИЯ
Название коллекции НБР

Нет доступных экземпляров.